000 00597nam a2200229Ia 4500
003 OSt
005 20221006163945.0
006 a|||||r|||| 00| 0
007 ta
008 221006b |||||||| |||| 00| 0 hin d
024 _a6,675
037 _cTextual
040 _aFML
_cFML
_bhin
041 _2hin
_ahin
082 _aNR44,6, 153NS.1
100 _aSohan Singh Au.
_9676278
245 0 _aGayan Kala
260 _aPatiyala
_bPunjabi University India
_c1995
300 _a89
_ccm.
942 _hNR44,6, 153NS.1
_cTEXL
_2CC
999 _c1115811
_d1115811